<Die> Lebensmittelzusätze und der Verbraucher

Salvato in:
Dettagli Bibliografici
Natura: Libro
Lingua:tedesco
Pubblicazione: Brussels Kommission der Europäischen Gemeinschaften 1980
Tags: Aggiungi Tag
Nessun Tag, puoi essere il primo ad aggiungerne!!

MARC

LEADER 00000nam a2200000 4500
001 0215594
005 20240109104707.9
041 0 |a ger 
044 |a BE 
245 1 0 |a <Die> Lebensmittelzusätze und der Verbraucher 
264 1 |a Brussels  |b Kommission der Europäischen Gemeinschaften  |c 1980 
300 |a 64 s.